000 00586nam a2200157 4500
005 20260221164418.0
008 260221b |||||||| |||| 00| 0 eng d
041 _aMarathi
082 _aX 891 TAL
_bB12245
100 _aतेलंग विनिता
245 _aस्वातंत्र्यलढा आणि संस्थाने: पश्चिम महाराष्ट्रातील संस्थानांची भूमिका
260 _aPune
_bBharatiya Vichar Sadhana
_c2022
300 _a72p
_bpb
365 _aRupaye
_b70
_cINR
942 _cBK
999 _c370502
_d370502